00670nam a2200193 a 4500003000200000005001700002008004100019050003400060100002900094245005400123260009200177300003900269504004100308650003200349650001800381650002200399650002900421650002600450020250403084643.0050809s19uu xx 00 eng d aPGS LB 1062.6.T95b.P139 2005 aPaguyo, Gianina Micah G. aStudy habits of twins /cGianina Micah G. Paguyo. aLas Piñas City, Philippines : bSouthville International School and Colleges,c2005. aunpaged :billustrations ;c28 cm. aIncludes bibliographical references. aStudy skills in children.  aStudy habits. aTwinsvEducation. aSibling relationships.  aAcademic achievement.